Sports Quiz

Random Sports or Play Quiz

Hockey Gear Quiz Stats

 Plays Quiz not verified by Sporcle

Challenge
Share
Tweet
Embed
Score 0/14 Timer 10:00
0 Plays Today
Hint Answers % Correct
These help you glide on iceSkates
97.1%
Use this to get the puckStick
91.2%
Identify your team with this garmentJersey
88.2%
Protect your handsGloves
88.2%
Something on your feet Socks
85.3%
Hold onto those teeth!Mouthguard
85.3%
Something you wear when cyclingHelmet
79.4%
Hint Answers % Correct
Wear this to guard your neckNeck Guard
76.5%
Protect your rumpPants
70.6%
Sweat absorbing shirt (it's a brand)Under Armour
64.7%
Protect your lower legs!Shinpads
64.7%
Shoulder *blank*Shoulder Pads
61.8%
Pretty much shorts with strapsJock
52.9%
Cover up those pads with some team colorsOuter Socks
2.9%

You're not logged in!

Compare scores with friends on all Sporcle quizzes.
Join for Free
OR
Log In

You Might Also Like...

Show Comments

Extras

Created May 24, 2012ReportNominate
Tags:Hockey Quiz, Play Quiz, gear

Top Quizzes Today


Score Distribution

Your Account Isn't Verified!

In order to create a playlist on Sporcle, you need to verify the email address you used during registration. Go to your Sporcle Settings to finish the process.

Report this User

Report this user for behavior that violates our Community Guidelines.

Details: